| 000 | 00354nam a22001337a 4500 | ||
|---|---|---|---|
| 999 |
_c9564 _d9564 |
||
| 003 | OSt | ||
| 005 | 20210705102604.0 | ||
| 008 | 210705b ||||| |||| 00| 0 eng d | ||
| 020 | _a9780367075248 | ||
| 082 |
_a727.6 _bLIN |
||
| 100 | _a Lindsay, Georgia | ||
| 245 | _a Contemporary museum architecture and design : theory and practice of place | ||
| 942 | _2ddc | ||